01249nac a22002771u 4500010001700000020002800017082001500045090001500060100003400075245015700109260004900266300005700315500002500372504005100397511002800448650003700476650004200513650003500555650004000590700002500630700001800655942001700673999001500690952014200705952012400847 a 2001044154 a0262041987 (alk. paper)00a332.1bFIN c9018d9018 a20080729 00aFinancial structure and economic growth :ba cross-country comparison of banks, markets, and development /cedited by Asli DemirgucKunt and Ross Levine. aCambridge, Mass. :bMIT Press,c2001.cc2001. avi, 436 p. :bill. ;c24 cm. +e1 CD-ROM (4 3/4 in.) aDistributer: Baccah. aIncludes bibliographical references and index. aCatalogued By: Mahitab. 0aBanks and bankingvCase studies. 0aFinancial institutionsvCase studies. 0aStock exchangesvCase studies. 0aEconomic developmentvCase studies.1 aDemirguc-Kuntd1961-1 aLevine, Ross. cBBk332.1FIN c9018d9018 00102ddc40708 aMAINbMAINc1STd2008-04-06epurchaseg179.20l3m7o332.1FINp000010932r2025-07-15 00:00:00s2015-11-25v224.00yBB 00104070aMAINbMAINc1STd2008-04-06ePurchaseg179.20l0o332.1FINp000011110r2022-08-24 00:00:00v224.00yCDVDWBB